000 00522nam a2200193 4500
005 20241023142817.0
010 _aENG-142331
020 _c695.00
_a9788188162826
035 _aEN-125863
037 _bDBAD
082 _a640
100 _aVaishya, Sumitra
_973251
245 _aHome Science/
_bSumitra Vaishya
250 _aFirst
260 _bHarshita Prakashan
_c2022
_aDelhi
270 _aE-11/5, Krishna Nagar
_bNew Delhi
_e110051
300 _a224p.
_c22cm(pb)
942 _2ddc
_cEN
_h640
_mVAI
999 _c206633
_d206633